000 00379cam a2200157ua 4500
003 OSt
008 250707b |||||||| |||| 00| 0 eng d
041 _aeng
082 _a624.18341
_bDES/TE
100 _aDeshpande, R S .
245 _aText book of R.C.C.Design /
250 _a5 /
260 _aPoona :
_bUnited Book Corporation ,
_c1963.
300 _a381 ; .
942 _cBK
999 _c2877
_d2877